| 000 | 00569nam a2200205Ia 4500 | ||
|---|---|---|---|
| 005 | 20250508165031.0 | ||
| 008 | 008 250505s9999 xx 000 0 eng d | ||
| 037 | _aTextual | ||
| 040 |
_aFEDL _beng _cFEDL |
||
| 041 |
_aeng _2eng |
||
| 084 |
_a001.42, FET _qFEDL |
||
| 100 | _aFetterman David M | ||
| 245 | 0 | _aEthnography step by step | |
| 260 |
_aNewbury Park _bSage Publications _c1989 |
||
| 300 | _a156p. | ||
| 490 | _aApplied social research methods. Vol.17 | ||
| 546 | _aMACESE | ||
| 942 |
_cTEXL _h001.42, FET |
||
| 999 |
_c1392762 _d1392762 |
||